Najlepsze Reprezentacje Europy - Statystyki

Ogólne statystyki
  • Ten quiz został rozwiązany 107 razy
  • Średni wynik to 11 z 13
Statystyki odpowiedzi
Miejsce Odpowiedź % Poprawnych
#2 Francja
98%
#3 Hiszpania
96%
#8 Portugalia
96%
#10 Włochy
95%
#4 Anglia
92%
#13 Niemcy
90%
#7 Holandia
87%
#6 Belgia
83%
#12 :) Chorwacja
76%
#15 Szwajcaria
67%
#21 Dania
65%
#25 Ukraina
64%
#22 Austria
62%
Nie znaleziono quizów pasujących do podanych kryteriów
Rozkład punktacji
Procent ludzi z każdym wynikiem
Percentyl według liczby udzielonych odpowiedzi
Twoja historia wyników
Nie rozwiązałeś tego quizu